| 000 | 00376nam a2200145Ia 4500 | ||
|---|---|---|---|
| 008 | 230917s9999||||xx |||||||||||||| ||und|| | ||
| 040 |
_e30665 _aMAIN |
||
| 041 | _aEnglish | ||
| 082 | _a388.068 S82S | ||
| 100 | _aWorld Bank | ||
| 245 | 0 | _aSustainable transport: Priorities for policy reform | |
| 260 |
_aWashington _bWorld Bank _c1996 |
||
| 300 | _axi,131 p. | ||
| 942 | _cBK | ||
| 999 |
_c102285 _d102285 |
||